[Event "Paris-ch op-A"]
[Site "Paris"]
[Date "2010.07.11"]
[Round "9"]
[White "Chaumont, Adeline"]
[Black "Meslage, Jean"]
[Result "1-0"]
[WhiteElo "2029"]
[BlackElo "1930"]
[PlyCount "65"]
[EventDate "2010.07.03"]
[EventType "swiss"]
[EventRounds "9"]
[EventCountry "FRA"]
[SourceTitle "CBM 137 Extra"]
[Source "ChessBase"]
[SourceDate "2010.09.01"]
[SourceVersion "1"]
[SourceVersionDate "2010.09.01"]
[SourceQuality "1"]

1. d4 Nf6 2. c4 g6 3. Nc3 d5 4. cxd5 Nxd5 5. e4 Nxc3 6. bxc3 Bg7 7. Be3 c5 8. Qd2 Qa5 9. Rb1 b6 10. Rc1 0-0 11. Nf3 Rd8 12. d5 Bg4 13. Be2 Nd7 14. h3 Bxf3 15. Bxf3 Rac8 16. c4 Qxd2+ 17. Bxd2 a6 18. Be2 Nf6 19. e5 Ne4 20. Bf4 f6 21. exf6 exf6 22. 0-0 Kf8 23. f3 Nd6 24. Rfd1 Nf5 25. Rb1 Nd4 26. Bf1 b5 27. cxb5 axb5 28. Bxb5 Rxd5 29. Bc4 Rdd8 30. Kf1 g5 31. Be3 h6 32. Rb7 Nf5 33. Bxc5+ 1-0

[Event "Paris-ch op-A"]
[Site "Paris"]
[Date "2010.07.03"]
[Round "1"]
[White "Chaumont, Adeline"]
[Black "Garcia Fernandez, Manuel"]
[Result "1-0"]
[WhiteElo "2029"]
[BlackElo "1859"]
[PlyCount "69"]
[EventDate "2010.07.03"]
[EventType "swiss"]
[EventRounds "9"]
[EventCountry "FRA"]
[SourceTitle "CBM 137 Extra"]
[Source "ChessBase"]
[SourceDate "2010.09.01"]
[SourceVersion "1"]
[SourceVersionDate "2010.09.01"]
[SourceQuality "1"]

1. d4 Nf6 2. c4 c5 3. d5 b5 4. cxb5 a6 5. bxa6 Bxa6 6. Nc3 g6 7. g3 d6 8. Bg2 Bg7 9. Nf3 Nbd7 10. Rb1 0-0 11. 0-0 Nb6 12. b3 Qc7 13. Re1 Ng4 14. Bb2 Bb7 15. Nb5 Qd7 16. Bxg7 Kxg7 17. Nc3 Nf6 18. e4 Ra3 19. Qc1 Rfa8 20. Qb2 Kg8 21. Na4 Nxa4 22. bxa4 Qxa4 23. Qxb7 Rxa2 24. Qxe7 Qc2 25. Rf1 Ng4 26. Ng5 Ne5 27. Qxd6 Nd3 28. Qf6 R2a7 29. d6 h6 30. Nh3 Re8 31. Ra1 Rd7 32. Nf4 Ne5 33. Nd5 Ng4 34. Qf4 h5 35. h3 1-0

[Event "BCF-chT1b 0910 (4NCL)"]
[Site "England"]
[Date "2009.10.24"]
[Round "1.8"]
[White "Ynojosa Aponte, Angelica Maria"]
[Black "Chaumont, Adeline"]
[Result "1-0"]
[WhiteElo "1753"]
[BlackElo "2049"]
[PlyCount "103"]
[EventDate "2009.10.24"]
[EventType "team-tourn"]
[EventRounds "7"]
[EventCountry "ENG"]
[SourceTitle "EXT 2011"]
[Source "ChessBase"]
[SourceDate "2010.11.26"]
[SourceVersion "1"]
[SourceVersionDate "2010.11.26"]
[SourceQuality "1"]
[WhiteTeam "Barbican"]
[BlackTeam "Betsson.com"]
[WhiteTeamCountry "ENG"]
[BlackTeamCountry "ENG"]

1. e4 c6 2. c4 d5 3. cxd5 cxd5 4. exd5 Nf6 5. Nf3 Nxd5 6. Bc4 e6 7. 0-0 Be7 8. Nc3 Nb6 9. Bb3 Nc6 10. d4 Nb4 11. Ne5 0-0 12. a3 N4d5 13. Qd3 Nf6 14. Bc2 g6 15. Re1 Nbd5 16. Bh6 Re8 17. Ba4 Bd7 18. Nxd7 Nxd7 19. Nxd5 exd5 20. Qh3 f5 21. Qf3 Nf6 22. Bxe8 Qxe8 23. Qe3 Bd6 24. Qxe8+ Nxe8 25. Re6 Kf7 26. Rae1 Rc8 27. g3 Rd8 28. Bg5 Rc8 29. Be7 Rc1 30. Bxd6 Rxe1+ 31. Rxe1 Nxd6 32. Re5 a6 33. Rxd5 Ke6 34. Re5+ Kd7 35. Kg2 Nb5 36. a4 Nd6 37. b3 Ne4 38. f3 Nd6 39. h3 Nf7 40. Re2 Ng5 41. f4 Ne6 42. Rd2 Kd6 43. Kf3 Kd5 44. Ke3 Kd6 45. g4 Ng7 46. Rc2 Kd7 47. d5 Ne8 48. Kd4 fxg4 49. hxg4 Nf6 50. g5 Ne8 51. Ke5 Nc7 52. Rh2 1-0

[Event "Breizh Masters (Women)"]
[Site "Guingamp"]
[Date "2009.02.18"]
[Round "6"]
[White "Budrewicz, Krzysztof"]
[Black "Chaumont, Adeline"]
[Result "1-0"]
[WhiteElo "2356"]
[BlackElo "2097"]
[PlyCount "97"]
[EventDate "2009.02.13"]
[EventType "tourn"]
[EventRounds "9"]
[EventCountry "FRA"]
[SourceTitle "CBM 128 Extra"]
[Source "ChessBase"]
[SourceDate "2009.03.05"]
[SourceVersion "2"]
[SourceVersionDate "2009.03.25"]
[SourceQuality "1"]

1. d4 d5 2. Nf3 Nf6 3. c4 c6 4. Nc3 e6 5. e3 Nbd7 6. Qc2 Bd6 7. g4 dxc4 8. Bxc4 Nd5 9. Bd2 b5 10. Be2 Bb7 11. Ne4 Be7 12. Nc5 Nxc5 13. dxc5 Qc7 14. a4 a6 15. h4 h6 16. Bd3 b4 17. a5 Bc8 18. Nd4 Bd7 19. Ne2 Qb7 20. Ra4 b3 21. Qc1 Qa7 22. Rc4 Rb8 23. e4 Nf6 24. f3 e5 25. Rc3 Be6 26. Ng3 Nd7 27. Be3 Bd8 28. Qa1 Qc7 29. Nf5 Kf8 30. Ke2 Qxa5 31. h5 Qa2 32. Nd6 a5 33. Bc4 Bxc4+ 34. Nxc4 Rb5 35. Qd1 Rb7 36. Qd6+ Kg8 37. Qxc6 Rc7 38. Qb5 Kh7 39. Rcc1 Be7 40. Ra1 Rb8 41. Qa6 Nxc5 42. Bxc5 Rxc5 43. Rxa2 bxa2 44. Ra1 Rxc4 45. Qxc4 Rxb2+ 46. Kd3 Bg5 47. Rxa2 Rb4 48. Qxf7 Rd4+ 49. Kc3 1-0

[Event "Breizh Masters (Women)"]
[Site "Guingamp"]
[Date "2009.02.17"]
[Round "5"]
[White "Andersson, Christin"]
[Black "Chaumont, Adeline"]
[Result "1-0"]
[WhiteElo "2132"]
[BlackElo "2097"]
[PlyCount "85"]
[EventDate "2009.02.13"]
[EventType "tourn"]
[EventRounds "9"]
[EventCountry "FRA"]
[SourceTitle "CBM 128 Extra"]
[Source "ChessBase"]
[SourceDate "2009.03.05"]
[SourceVersion "2"]
[SourceVersionDate "2009.03.25"]
[SourceQuality "1"]

1. e4 c6 2. Nf3 d5 3. exd5 cxd5 4. d4 Nf6 5. Bd3 Bg4 6. h3 Bh5 7. 0-0 e6 8. Bg5 Qb6 9. Nbd2 Nbd7 10. b3 Bb4 11. c4 Bxd2 12. Bxd2 Bxf3 13. Qxf3 Qxd4 14. cxd5 Qxd5 15. Qe2 0-0 16. Rfd1 Qe5 17. Qf3 Nd5 18. Rac1 Rac8 19. Rc4 Qf6 20. Qg3 N7b6 21. Bg5 Qb2 22. Rb1 Qa3 23. Bh6 g6 24. Qe5 f6 25. Qxe6+ Kh8 26. Bxf8 Rxf8 27. Rh4 Kg7 28. Bc4 Nc7 29. Qe3 g5 30. Re4 Ncd5 31. Qd2 Nf4 32. Rbe1 Ng6 33. Qc3 Qd6 34. Re6 Qf4 35. Bd3 Rc8 36. Qb2 Nd5 37. Bxg6 hxg6 38. R6e4 Qf5 39. Qd2 Nb6 40. Qd6 Kh6 41. Re8 Rxe8 42. Rxe8 g4 43. Rh8+ 1-0

[Event "FRA-chT1B 0809"]
[Site "France"]
[Date "2008.11.23"]
[Round "3.6"]
[White "Godard, Maxence"]
[Black "Chaumont, Adeline"]
[Result "0-1"]
[WhiteElo "2336"]
[BlackElo "2083"]
[PlyCount "174"]
[EventDate "2008.10.19"]
[EventType "team-tourn"]
[EventRounds "11"]
[EventCountry "FRA"]
[SourceTitle "EXT 2010"]
[Source "ChessBase"]
[SourceDate "2010.11.25"]
[SourceVersion "1"]
[SourceVersionDate "2010.11.25"]
[SourceQuality "1"]
[WhiteTeam "Deauville"]
[BlackTeam "Echiquier Berry Sologne"]
[WhiteTeamCountry "FRA"]
[BlackTeamCountry "FRA"]

1. d4 d5 2. c4 c6 3. Nf3 Nf6 4. e3 e6 5. Bd3 Nbd7 6. 0-0 Bd6 7. Nc3 dxc4 8. Bxc4 b5 9. Bd3 Bb7 10. Ng5 a6 11. Qf3 0-0 12. Bd2 Bb8 13. Rac1 h6 14. Nge4 Qe7 15. Nxf6+ Nxf6 16. Ne4 Nd7 17. Ng3 Nf6 18. e4 Rd8 19. e5 Nh7 20. Qg4 Kh8 21. Nh5 Rg8 22. Rc3 f5 23. exf6 gxf6 24. Qf3 c5 25. Be4 Bxe4 26. Qxe4 f5 27. Qe2 cxd4 28. Rc6 Ng5 29. Bxg5 Qxg5 30. f4 d3 31. Qf3 Ba7+ 32. Kh1 Qg6 33. Rxa6 Rgd8 34. Rd1 Qe8 35. Ng3 Qd7 36. Qh5 d2 37. Qxh6+ Qh7 38. Qf6+ Qg7 39. Qxg7+ Kxg7 40. Ne2 Kf7 41. g3 Be3 42. Rxa8 Rxa8 43. a3 b4 44. axb4 Ra2 45. Kg2 Rxb2 46. Kf3 Rb3 47. g4 fxg4+ 48. Kxg4 Rxb4 49. Kf3 Rb3 50. Ke4 Bf2 51. f5 Re3+ 52. Kf4 e5+ 53. Kg4 Rxe2 54. Kf3 Re1 55. Rxd2 Bh4 56. Kg4 Re4+ 57. Kf3 Rf4+ 58. Ke3 Rxf5 59. Rd6 Rf6 60. Rd7+ Ke6 61. Rg7 Bf2+ 62. Ke2 e4 63. Rh7 Rf4 64. Rh8 Kf7 65. Rh7+ Kg6 66. Re7 e3 67. Re8 Rh4 68. Kf3 Rxh2 69. Ra8 Rh3+ 70. Ke2 Rh7 71. Ra6+ Kf5 72. Ra5+ Kf4 73. Ra4+ Kg3 74. Ra8 Rb7 75. Rg8+ Kf4 76. Rf8+ Ke5 77. Rd8 Rb2+ 78. Kf3 Rd2 79. Ra8 Kd4 80. Ra4+ Kc3 81. Ra3+ Kb2 82. Ra8 Kb1 83. Ra6 Rb2 84. Rd6 Kc1 85. Rd8 Bg1 86. Rg8 Rf2+ 87. Ke4 e2 0-1

[Event "GER-chT Federal Cup (Women)"]
[Site "Braunfels"]
[Date "2006.05.06"]
[Round "4"]
[White "Niedermaier, Barbara"]
[Black "Chaumont, Adeline"]
[Result "1-0"]
[WhiteElo "2014"]
[BlackElo "1979"]
[PlyCount "65"]
[EventDate "2006.05.04"]
[EventType "team-swiss"]
[EventRounds "5"]
[EventCountry "GER"]
[SourceTitle "EXT 2010"]
[Source "ChessBase"]
[SourceDate "2010.11.25"]
[SourceVersion "1"]
[SourceVersionDate "2010.11.25"]
[SourceQuality "1"]

1. e4 e6 2. d4 d5 3. Nc3 Nf6 4. e5 Nfd7 5. f4 c5 6. Nf3 Nc6 7. Be3 Qb6 8. Na4 Qa5+ 9. c3 c4 10. b4 Qc7 11. Be2 b5 12. Nc5 Nxc5 13. dxc5 a5 14. a4 axb4 15. axb5 Rxa1 16. Qxa1 Qa7 17. Qxa7 Nxa7 18. b6 Nc6 19. cxb4 Nxb4 20. 0-0 Kd7 21. Rb1 Nc2 22. Bf2 Bb7 23. Bd1 Be7 24. Bxc2 Ra8 25. Ng5 Kc6 26. Nxf7 Ra2 27. Bxh7 Bxc5 28. Nd8+ Kd7 29. Bxc5 Kxd8 30. Bd4 Rd2 31. Bc3 Ra2 32. Ra1 Rxa1+ 33. Bxa1 1-0

[Event "GER-chT Federal Cup (Women)"]
[Site "Braunfels"]
[Date "2006.05.05"]
[Round "3"]
[White "Chaumont, Adeline"]
[Black "Ries, Jutta"]
[Result "1/2-1/2"]
[WhiteElo "1979"]
[BlackElo "1832"]
[PlyCount "58"]
[EventDate "2006.05.04"]
[EventType "team-swiss"]
[EventRounds "5"]
[EventCountry "GER"]
[SourceTitle "EXT 2010"]
[Source "ChessBase"]
[SourceDate "2010.11.25"]
[SourceVersion "1"]
[SourceVersionDate "2010.11.25"]
[SourceQuality "1"]

1. d4 Nf6 2. c4 c5 3. d5 b5 4. cxb5 a6 5. bxa6 Bxa6 6. Nc3 g6 7. g3 d6 8. Bg2 Bg7 9. Nf3 0-0 10. Rb1 Nbd7 11. 0-0 Nb6 12. b3 Qd7 13. Re1 Rfb8 14. e4 Qa7 15. h3 Nbd7 16. Qc2 Bc8 17. a4 Nb6 18. Nb5 Qb7 19. Bd2 Bd7 20. Na3 Qc8 21. Kh2 c4 22. a5 cxb3 23. Rxb3 Qxc2 24. Nxc2 Nc4 25. Rxb8+ Rxb8 26. Bc3 Ng4+ 27. hxg4 Bxc3 28. Re2 Nxa5 29. Ne3 Rb2 1/2-1/2

[Event "FRA-ch U20 Girls"]
[Site "Aix les Bains"]
[Date "2006.04.??"]
[Round "7"]
[White "Bermond, Stephanie"]
[Black "Chaumont, Adeline"]
[Result "0-1"]
[WhiteElo "1939"]
[BlackElo "1979"]
[PlyCount "86"]
[EventDate "2006.04.??"]
[EventType "tourn"]
[EventRounds "9"]
[EventCountry "FRA"]
[SourceTitle "EXT 2007"]
[Source "ChessBase"]
[SourceDate "2006.11.23"]
[SourceVersion "1"]
[SourceVersionDate "2006.11.23"]
[SourceQuality "1"]

1. Nf3 d5 2. g3 Nf6 3. Bg2 e6 4. 0-0 c5 5. d3 Nc6 6. c3 Be7 7. Nbd2 0-0 8. a4 b6 9. e4 Rb8 10. Qc2 Qc7 11. Re1 Bd6 12. Nf1 d4 13. N1d2 e5 14. Nc4 Nd7 15. Nh4 Ne7 16. f4 exf4 17. Nxd6 Qxd6 18. Bxf4 Ne5 19. Nf3 f6 20. Nd2 N7g6 21. Nc4 Qd7 22. Qb3 Qe6 23. Rad1 Ba6 24. Bh3 Qf7 25. Bf1 Nxf4 26. gxf4 Nf3+ 27. Kf2 Nxe1 28. Rxe1 Rbd8 29. Qc2 Qh5 30. Kg3 g5 31. fxg5 fxg5 32. Qe2 Qh4+ 33. Kg2 Bc8 34. Kg1 Rf4 35. Bg2 Rdf8 36. Rf1 Rxf1+ 37. Bxf1 Qf4 38. Bg2 dxc3 39. bxc3 Qc1+ 40. Bf1 Qxc3 41. e5 Qd4+ 42. Kh1 Rxf1+ 43. Qxf1 Bb7+ 0-1

[Event "Wch U20 Girls"]
[Site "Istanbul"]
[Date "2005.11.22"]
[Round "13"]
[White "Chaumont, Adeline"]
[Black "Raghavi, Nagarajan"]
[Result "1/2-1/2"]
[WhiteElo "2035"]
[BlackElo "2104"]
[PlyCount "28"]
[EventDate "2005.11.09"]
[EventType "swiss"]
[EventRounds "13"]
[EventCountry "TUR"]
[SourceTitle "CBM 109 Extra"]
[Source "ChessBase"]
[SourceDate "2006.01.03"]
[SourceVersion "2"]
[SourceVersionDate "2006.01.03"]
[SourceQuality "1"]

1. d4 d5 2. c4 e6 3. Nc3 Be7 4. cxd5 exd5 5. Bf4 c6 6. Qc2 Nf6 7. Nf3 0-0 8. e3 Nbd7 9. Bd3 h6 10. a3 a5 11. 0-0 Nh5 12. Bg3 Nxg3 13. hxg3 Nf6 14. Na4 Rb8 1/2-1/2

[Event "Wch U20 Girls"]
[Site "Istanbul"]
[Date "2005.11.14"]
[Round "6"]
[White "Reppen, Ellisiv"]
[Black "Chaumont, Adeline"]
[Result "0-1"]
[WhiteElo "1850"]
[BlackElo "2035"]
[PlyCount "103"]
[EventDate "2005.11.09"]
[EventType "swiss"]
[EventRounds "13"]
[EventCountry "TUR"]
[SourceTitle "CBM 109 Extra"]
[Source "ChessBase"]
[SourceDate "2006.01.03"]
[SourceVersion "2"]
[SourceVersionDate "2006.01.03"]
[SourceQuality "1"]

1. e4 e6 2. d4 d5 3. exd5 exd5 4. Nf3 Bd6 5. Bd3 Nf6 6. Bg5 0-0 7. 0-0 Bg4 8. Nbd2 Nbd7 9. c3 c6 10. Qc2 Qc7 11. h3 Bh5 12. Rae1 Bg6 13. Nh4 Rae8 14. Nxg6 fxg6 15. c4 Kh8 16. c5 Bf4 17. Nf3 Rxe1 18. Rxe1 Re8 19. Rxe8+ Nxe8 20. Qe2 Ndf6 21. Qe6 Qb8 22. Qe7 h6 23. Qf8+ Kh7 24. Nh4 Bh2+ 25. Kh1 Ne4 26. Be3 N8f6 27. Qxb8 Bxb8 28. Kg1 g5 29. Nf3 Kg8 30. Ne5 Bxe5 31. dxe5 Nd7 32. Bxe4 dxe4 33. Bd4 Nf8 34. g3 Kf7 35. Kf1 Ke6 36. Ke2 Kd5 37. Bc3 Kxc5 38. Ke3 Kd5 39. f4 exf3 40. Kxf3 g6 41. h4 gxh4 42. gxh4 h5 43. Kf4 Ne6+ 44. Ke3 c5 45. a3 a6 46. b3 Nd4 47. b4 b6 48. bxc5 bxc5 49. Ba5 Kxe5 50. Bc7+ Kd5 51. Kd3 c4+ 52. Kd2 0-1